Statistiche per Capitali per altitudine - Europa

Clicka qui per fare il quiz!

Statistiche generali

  • Questo quiz è stato fatto 9 volte
  • Il punteggio medio è 7 su 10

Statistiche sulle risposte

Altitudine (m)Nazione% Corretto
1 023Andorra la Vella
100%
273Lubiana
100%
542Berna
86%
244Praga
86%
667Madrid
71%
455Vaduz
71%
328Città di San Marino
57%
273Lussemburgo
57%
550Sarajevo
43%
580Sofia
43%

Distribuzione punteggi

Percentile per numero di risposta

Percentuale di utenti per punteggio

I tuoi punteggi nel tempo

Non hai fatto questo quiz